| 000 | 00893nam a2200277 i 4500 | ||
|---|---|---|---|
| 001 | 128965 | ||
| 003 | ES-MaACL | ||
| 005 | 20250825062631.0 | ||
| 007 | t| | ||
| 008 | 070531s1971 sp ||||1| spa d | ||
| 040 | _cES-MaACL | ||
| 080 | _a623.463 | ||
| 100 | 1 |
_aTaylor, John William Ransom. _9109457 _eaut |
|
| 245 | 1 | 0 |
_aCohetes y proyectiles / _cJohn W.R. Taylor ; ilustrado por Gordon Davies ; [traducción de Sergio Corominas]. |
| 250 | _a1ª ed. | ||
| 260 |
_aBarcelona : _bBruguera, _c1971. |
||
| 300 |
_a159 páginas : _bilustraciones ; _c18 cm. |
||
| 650 | 7 |
_aCohetes (Proyectiles) _9236579 _2embne |
|
| 655 | 7 |
_aLibros infantiles _2tgfbne _9226786 |
|
| 700 | 1 |
_aDavies, Gordon. _942913 _eill |
|
| 700 | 1 |
_aCorominas, Sergio. _940661 _etrl |
|
| 852 | 4 |
_aES-MaACL _cDEPO2 _jC-46534 |
|
| 942 |
_cMONOGRAFIA _n0 |
||
| 999 |
_c128965 _d128965 |
||